| 000 | 01937nam a2200397 i 4500 | ||
|---|---|---|---|
| 001 | 81601 | ||
| 003 | ES-MaACL | ||
| 005 | 20250731104703.0 | ||
| 008 | 211221s2018 sp ab 001 0 spa | ||
| 020 | _a9788493498993 | ||
| 080 | _a94(73)"1775/83" | ||
| 080 | _a327(73:460)"16/19" | ||
| 080 | _a327(460:73)"16/19" | ||
| 245 | 0 | 0 |
_aRecovered memories : _bSpain, New Orleans and the support for the American revolution = Memorias recobradas : España, Nueva Orleans y la ayuda a la revolución norteamericana / _cJosé Manuel Guerrero Acosta (ed.) ; Borja Cardelús ... [et al.] ; translation = traducciones, Paul Edson, Araceli Montero Valdivia. |
| 246 | 3 |
_aMemorias recobradas : _bEspaña, Nueva Orleans y la ayuda a la revolución norteamericana |
|
| 260 |
_a[Bilbao] : _bIberdrola, _c[2018] |
||
| 300 |
_a515 p. : _bil. col. y n., mapas col. y n. ; _c30 cm. |
||
| 500 | _aÍndice disponible en Dialnet. | ||
| 504 | _aReferencias bibliográficas. | ||
| 530 | _aDisponible en formato digital. | ||
| 546 | _aTexto en español e inglés. | ||
| 585 | _aPubl. con motivo de la exposición homónima celebrada en Nueva Orleans, Washington y Bilbao en 2018. | ||
| 651 | 4 |
_aEstados Unidos- _xHistoria- _y1775-1783, Revolución- _xParticipación española- _vExposiciones. _9173910 |
|
| 651 | 4 |
_aEspaña- _xRelaciones- _zEstados Unidos _98462 |
|
| 651 | 4 |
_aEstados Unidos- _xRelaciones- _zEspaña. _9169150 |
|
| 655 | 7 |
_2tgfbne _9193628 _aCatálogos de exposiciones |
|
| 700 | 1 |
_aGuerrero Acosta, José Manuel, _d1959- _9234245 |
|
| 700 | 1 |
_aCardelús, Borja. _935123 |
|
| 700 | 1 |
_aEdson, Paul. _9173904 |
|
| 700 | 1 |
_aMontero Valdivia, Araceli. _9173906 |
|
| 710 | 2 |
_aIberdrola. _94634 |
|
| 852 | 4 |
_aES-MaACL _jA-14806 _9 84617 _bR.152360 _cDEPO1 _dOlim: N-7806 _hDonación: Editorial |
|
| 856 | 4 |
_uhttps://dialnet.unirioja.es/servlet/libro?codigo=714077 _yÍndice (Dialnet) |
|
| 942 | _2udc | ||
| 999 |
_c81601 _d81601 |
||